Music Quiz

Random Music or World Quiz

'It's the End of the World As We Know It' Lyrics Quiz Stats

 Plays Quiz Retired Aug 1, 2021

Support Sporcle.
Go Orange.
Score 0/179 Timer 07:00
0 Plays Today
Words % Correct
I
98.1%
it
97.4%
of
95.4%
the
95.1%
world
94.9%
end
92.8%
a
92.5%
we
91.4%
know
90.9%
as
89.6%
It's
86.6%
an
79.3%
and
76.5%
feel
73.2%
fine
73.1%
You
56%
is
51.3%
to
50.6%
no
49.5%
your
45.2%
that
43.7%
do
43%
not
42.1%
with
41.8%
in
41%
earthquake
39.4%
starts
39.1%
Bruce
39%
Lenny
38.9%
great
36.3%
listen
35.5%
hurricane
35%
afraid
34.9%
aeroplane
33.6%
Leonard
33.2%
yourself
32.9%
me
32.8%
That's
32.7%
snakes
32.4%
birds
31.9%
Bernstein
31.6%
Eye
30.9%
down
30.5%
for
30.2%
right
28.5%
churn
27.8%
needs
26%
oh
25.8%
own
24.4%
time
23.7%
don't
23.1%
up
22.6%
serve(s)
22.5%
at
22.3%
burn
21.8%
Six
21.8%
neck
21.2%
Uh
21%
patriotic
20.9%
o'clock
20%
Words % Correct
fear
20%
TV
19.8%
hour
19.4%
some
19.1%
decline
18.3%
get
18.1%
night
18.1%
alone
18%
this
17.4%
feeling
17.3%
pretty
17.3%
jelly
17.2%
fire
17.1%
cheesecake
17%
Lester
16.9%
by
16.9%
but
16.9%
Light
16.8%
then
16.8%
breathing
16.7%
had
16.7%
Birthday
16.7%
bean
16.1%
slam
16.1%
combat
16%
party
15.9%
government
15.9%
overflow
15.7%
heart
15.7%
boom
15.5%
speed
15.3%
alternatives
14.9%
other
14.9%
sit
14.9%
psyched
14.8%
hire
14.6%
her
14.5%
Brezhnev
14.5%
caught
14.4%
Leonid
14.3%
population
14.3%
offer
14.1%
Bangs
13.8%
solutions
13.7%
furies
13.6%
reporters
13.5%
clatter
13.2%
site
13.2%
fight
13.1%
cavalier
12.9%
clear
12.9%
Ladder
12.9%
book
12.9%
Look
12.9%
plane
12.9%
tower
12.8%
Wire
12.6%
steer
12.4%
tournament
12.4%
team
12.1%
Words % Correct
candle
12.1%
hurry
12%
step
12%
return
11.9%
continental
11.9%
foreign
11.8%
Renegade
11.8%
Every
11.5%
lies
11.5%
drift
11%
burning
10.9%
Save
10.9%
rapture
10.8%
seven
10.7%
symbiotic
10.7%
means
10.6%
Slash
10.6%
low
10.5%
Left
10.4%
Automotive
10.4%
games
10.2%
represent
10%
coming
10%
crush
9.9%
grunt
9.8%
divide
9.6%
blood
9.4%
height
9.3%
trump
9.1%
Mountains
9%
incinerate
8.9%
bleed
8.8%
him
8.8%
uniform
8.7%
letting
8.7%
motive
8.5%
Watch
8.4%
Feed
8.2%
bright
8.2%
strength
7.8%
escalate
7.7%
baffled
7.7%
Lock
7.6%
line
7.6%
it'll
7.4%
heel
7.4%
crop
7.3%
common
7.1%
vitriolic
7%
tethered
6.9%
misserve
6.1%
knock
5.8%
wasn't
5.4%
Tell
5.2%
reverent
4.7%
group
4.7%
structure
4.5%
nice
4.2%
tripped
4.1%

From the Vault

Images That Start with 'C' III

by sproutcm

There are so many great things that start with C, but cookie is probably still #1.
Remove Ads.
Support Sporcle.
Get the best of Sporcle when you Go Orange. This ad-free experience offers more features, more stats, and more fun while also helping to support Sporcle. Thank you for becoming a member.

Show Comments

Extras

Top Quizzes Today


Score Distribution

Your Account Isn't Verified!

In order to create a playlist on Sporcle, you need to verify the email address you used during registration. Go to your Sporcle Settings to finish the process.

Report this User

Report this user for behavior that violates our Community Guidelines.

Details: